The black queen stories

Enregistré dans:
Détails bibliographiques
Auteur principal: Callaghan, Barry
Format: Livre
Langue:Undetermined
Publié: Ontario, Canadá Lestern & Orpen Dennys 1982
Sujets:
Tags: Ajouter un tag
Pas de tags, Soyez le premier à ajouter un tag!

MARC

LEADER 00000nam a2200000Ia 4500
008 170316s9999 xx 000 0 und d
040 |a cru BVZT 
090 |a 818 C-1b 
100 |a Callaghan, Barry 
245 4 |a The black queen stories 
260 |a Ontario, Canadá 
260 |b Lestern & Orpen Dennys 
260 |c 1982 
300 |a 165 páginas 
650 |a LITERATURA CANADIENSE 
999 |c 6384  |d 6384 
942 |c 15 D  |h 818 C-1b  |2 z